Validación del modelo HCM-2000 en intersecciones reguladas con alto y semáforo
保存先:
| 第一著者: | |
|---|---|
| フォーマット: | 図書 |
| 出版事項: |
[San José, Costa Rica]
2007
|
| 主題: | |
| タグ: |
タグ追加
タグなし, このレコードへの初めてのタグを付けませんか!
|
MARC
| LEADER | 00000nam a2200000Ia 4500 | ||
|---|---|---|---|
| 003 | 009897 | ||
| 005 | 20221231144109.0 | ||
| 008 | 140114s2007 cr a 000 ||s d | ||
| 040 | |c cru CEDI | ||
| 090 | |a TFG 5425 | ||
| 100 | |a Acosta Hernández, Erick |9 4924 | ||
| 245 | |a Validación del modelo HCM-2000 en intersecciones reguladas con alto y semáforo | ||
| 260 | |c 2007 |b [San José, Costa Rica] | ||
| 300 | |a 107, [160] hojas; ilustraciones a color | ||
| 500 | |a Tesis (licenciatura en ingeniería civil)---Universidad de Costa Rica. Escuela de Ingeniería Civil | ||
| 650 | |x FLUJO DE TRAFICO |x MODELOS MATEMATICOS |x MODELOS MATEMATICOS |x INVESTIGACIONES |x CARRETERAS |x INTERCAMBIOS E INTERSECCIONES |9 4925 | ||
| 942 | |c TFG | ||
| 999 | |c 16850 |d 16850 | ||
